000
00282nam a22001337a 4500
003
SGT
020
_a
9780443246197
082
_a
615.10
_b
RUT
100
_a
RUTTER PAUL
245
_a
COMMUNITY PHARMACY
260
_a
INDIA
_b
ELSEVER PUB
_c
2026
300
_a
390
942
_2
ddc
_c
BK
999
_c
34485
_d
34485